The 40 Biggest Duets of All Time - Statistics

General Stats
  • This quiz has been taken 103 times
  • The average score is 11 of 40
Answer Stats
# Year Singers Song % Correct
10 1976 Elton John, Kiki Dee Don't Go Breaking My Heart
78%
9 1983 Kenny Rogers, Dolly Parton Islands In The Stream
78%
4 1982 Paul McCartney, Stevie Wonder Ebony And Ivory
77%
1 1981 Diana Ross, Lionel Richie Endless Love
67%
24 1978 John Travolta, Olivia Newton-John You're The One That I Want
65%
35 1965 Sonny, Cher I Got You Babe
62%
29 1982 Joe Cocker, Jennifer Warnes Up Where We Belong
50%
25 1984 Philip Bailey, Phil Collins Easy Lover
42%
2 1983 Paul McCartney, Michael Jackson Say Say Say
38%
15 2009 Jay Z, Alicia Keys Empire State of Mind
37%
20 1978 Barbra Streisand, Neil Diamond You Don't Bring Me Flowers
35%
18 1967 Nancy Sinatra, Frank Sinatra Somethin' Stupid
32%
3 1998 Brandy, Monica The Boy Is Mine
32%
32 1982 Michael Jackson, Paul McCartney The Girl Is Mine
32%
31 1987 Aretha Franklin, George Michael I Knew You Were Waiting
30%
26 1987 Bill Medley, Jennifer Warnes The Time Of My Life
30%
14 2006 Nelly Furtado, Timbaland Promiscuous
27%
13 1979 Peaches, Herb Reunited
22%
27 2008 Jordin Sparks, Chris Brown No Air
20%
8 2003 Beyonce, Sean Paul Baby Boy
18%
16 1988 Paula Abdul, The Wild Pair Opposites Attract
18%
5 2002 Nelly, Kelly Rowland Dilemma
17%
11 1986 Patti LaBelle, Michael McDonald On My Own
17%
28 1981 Stevie Nicks, Tom Petty And The Heartbreakers Stop Draggin' My Heart Around
15%
21 1976 Marilyn McCoo, Billy Davis, Jr. You Don't Have To Be A Star
15%
19 1989 Linda Ronstadt, Aaron Neville Don't Know Much
13%
38 1998 R. Kelly, Celine Dion I'm Your Angel
13%
12 1985 Phil Collins, Marilyn Martin Separate Lives
13%
17 2007 Timbaland, Keri Hilson The Way I Are
13%
6 2001 Jennifer Lopez, Ja Rule I'm Real
12%
37 1994 John Mellencamp, Me'Shell Ndegeocello Wild Night
12%
23 1982 Patti Austin, James Ingram Baby, Come To Me
10%
39 1987 Michael Jackson, Siedah Garrett I Just Can't Stop Loving You
10%
7 2004 Usher, Alicia Keys My Boo
10%
33 1979 Barbra Streisand, Donna Summer No More Tears
10%
36 1986 Peter Cetera, Amy Grant The Next Time I Fall
10%
34 2003 Jennifer Lopez, LL Cool J All I Have
8%
30 1986 Carl Anderson, Gloria Loring Friends and Lovers
7%
22 1996 Keith Sweat, Athena Cage Nobody
7%
40 1978 Roberta Flack, Donny Hathaway The Closer I Get To You
5%
No matching quizzes found
Score Distribution
Percent of People with Each Score
Percentile by Number Answered
Your Score History
You have not taken this quiz